000 00321nam a22001217a 4500
008 180519b xxu||||| |||| 00| 0 eng d
041 _aeng
080 _a043.3
100 _a0
101 _aSHKI-BA
245 _aEntity Framework ne ASP Web Applications: Implementimi ne GSP Tracker System
_cJanjeva, A
942 _2udc
_cBK
999 _c46074
_d46074